| 000 | 00743nam a22002177a 4500 | ||
|---|---|---|---|
| 999 |
_c19485 _d19485 |
||
| 003 | AR-CdUCM | ||
| 008 | 190517b ||||| |||| 00| 0 spa d | ||
| 040 |
_aMUNICIPALIDAD PROVINCIAL DEL CUSCO _cBIBLIOTECA MUNICIPAL DEL CUSCO |
||
| 082 |
_a869.56 / _bG68 |
||
| 100 |
_aGomez Rojas, Juan _940838 |
||
| 245 | _aVisión panorámico de la poesía del Callao 1880 - 1980 / | ||
| 260 |
_aCallao : _bLinea eter, _c1990. |
||
| 300 |
_a107 páginas ; _c22 cm. |
||
| 505 | _aContenido : Las generalidades heroicas -- La poesía de los años 30 -- Dos poetas de los años 40 ... | ||
| 650 |
_aLiteratura _983 |
||
| 650 |
_aPeruana _925277 |
||
| 650 |
_aSiglo XX _98 |
||
| 710 |
_aConcytec _92809 |
||
| 942 |
_2ddc _cLIBROS |
||
| 945 |
_arah _d2019-05-17 |
||